000 00376nam a2200145Ia 4500
008 100415s9999 xx 000 0 und d
082 _b3268
_a500
100 _aHuxley Julian
245 _aEssays in Popular Science
260 _aLONDON
_c1937
_bPENGUIN BOOKS
365 _b0
630 _aEssays in Popular Science
730 _aEssays in Popular Science
942 _cBOOK
999 _c586257
_d586254